Score 0/15 Timer 03:00
0 Plays Today
% Correct
Neil Patrick Harris
90%
James Earl Jones
88.8%
Tommy Lee Jones
86.5%
Phillip Seymour Hoffman
86%
Sarah Jessica Parker
85.7%
Jamie Lee Curtis
85.5%
Joseph Gordon-Levitt
85.4%
Billy Bob Thornton
82.5%
% Correct
Catherine Zeta-Jones
82.2%
Julia Louis-Dreyfus
81.4%
David Hyde Pierce
80.8%
Daniel Day-Lewis
80.2%
Michael Clarke Duncan
78.6%
Haley Joel Osmont
77.7%
Jada Pinkett Smith
76.9%
Remove Ads.
Support Sporcle.
Get the best of Sporcle when you Go Orange. This ad-free experience offers more features, more stats, and more fun while also helping to support Sporcle. Thank you for becoming a member.

You're not logged in!

Compare scores with friends on all Sporcle quizzes.
OR
Log In

Sporcle TV

Today on Sporcle TV


Watch our educational content, quiz creation guides, and fun videos on Sporcle TV.

Show Comments

Extras

Top Quizzes Today


Score Distribution

Paid Content

Your Account Isn't Verified!

In order to create a playlist on Sporcle, you need to verify the email address you used during registration. Go to your Sporcle Settings to finish the process.

Report this User

Report this user for behavior that violates our Community Guidelines.

Details: